Tourist guide and tour operation: Planning and organising (Record no. 24153)

MARC details
000 -LEADER
fixed length control field 00486nam a2200169Ia 4500
008 - FIXED-LENGTH DATA ELEMENTS--GENERAL INFORMATION
fixed length control field 230917s9999||||xx |||||||||||||| ||und||
020 ## - ISBN
Price RS750
040 ## - CATALOGING SOURCE
-- 242418
Original cataloging agency VIVEKANANDA LIBRARY
041 ## - Language
-- English
082 ## - DDC NUMBER
Classification number 338.4791 N312T
100 ## - MAIN ENTRY--PERSONAL NAME
Personal name Negi, Jagmohan
245 #0 - TITLE STATEMENT
Title Tourist guide and tour operation: Planning and organising
260 ## - PUBLICATION, DISTRIBUTION, ETC. (IMPRINT)
Place of publication, distribution, etc New Delhi
Name of publisher, distributor, etc Kanishka Publications
Date of publication, distribution, etc 2012
300 ## - PHYSICAL DESCRIPTION
Pages xvi, 354 p.
500 ## - GENERAL NOTE
General note 2887 26/09/2017 HBD17/7056 26/09/2017 IHTM (SFS)
942 ## - ADDED ENTRY ELEMENTS (KOHA)
Koha item type Books
Holdings
Withdrawn status Lost status Damaged status Not for loan Location (home branch) Sublocation or collection (holding branch) Shelving location Date acquired Koha issues (times borrowed) Koha full call number Accession No. Koha date last seen Koha item type
        VIVEKANANDA LIBRARY VIVEKANANDA LIBRARY IHTM Library 24/10/2017   338.4791 N312T 367201 17/09/2023 Books
        VIVEKANANDA LIBRARY VIVEKANANDA LIBRARY IHTM Library 24/10/2017   338.4791 N312T 367202 17/09/2023 Books
        VIVEKANANDA LIBRARY VIVEKANANDA LIBRARY IHTM Library 24/10/2017   338.4791 N312T 367203 17/09/2023 Books
        VIVEKANANDA LIBRARY VIVEKANANDA LIBRARY IHTM Library 24/10/2017   338.4791 N312T 367204 17/09/2023 Books
        VIVEKANANDA LIBRARY VIVEKANANDA LIBRARY IHTM Library 24/10/2017   338.4791 N312T 367205 17/09/2023 Books
© Designed and Maintained by Vivekananda Library, MDU Rohtak